000 00302nam a2200133Ia 4500
005 20251222155154.0
008 251222s9999||||xx |||||||||||||| ||spa||
082 _aEBA.93
100 _aIris Jara Huayta
245 0 _aProceso de enfermería
250 _a1ra. ed.
264 _bBautista
942 _cLIB
999 _c39678
_d39678